[Event "Hvar op"]
[Site "Hvar"]
[Date "2023.10.20"]
[Round "8"]
[White "Knezevic, Igor"]
[Black "Lavrov, Maxim1"]
[Result "1/2-1/2"]
[WhiteElo "2069"]
[BlackElo "2173"]
[PlyCount "85"]
[EventDate "2023.10.15"]
[EventType "swiss"]
[EventRounds "9"]
[EventCountry "CRO"]
[SourceTitle "Mega2024 Update 01"]
[Source "Chessbase"]
[SourceDate "2023.11.12"]
[SourceVersion "1"]
[SourceVersionDate "2023.11.12"]
[SourceQuality "1"]

1. d4 Nf6 2. c4 e6 3. Nc3 Bb4 4. e3 0-0 5. Bd3 d5 6. a3 Bxc3+ 7. bxc3 c5 8. cxd5 exd5 9. Ne2 Re8 10. 0-0 b6 11. Ng3 Ba6 12. f3 Bxd3 13. Qxd3 Nc6 14. Bd2 Rc8 15. Rae1 Qd7 16. Bc1 Red8 17. Qe2 Ne8 18. Qf2 Na5 19. Kh1 Nb3 20. Bb2 Qa4 21. e4 cxd4 22. cxd4 Nd6 23. e5 Nc4 24. Nf5 Qd7 25. Ne3 Nbd2 26. Nxc4 Nxc4 27. Bc1 Rc6 28. f4 Qf5 29. g4 Qd3 30. f5 Re8 31. g5 Rcc8 32. e6 fxe6 33. f6 gxf6 34. gxf6 Kf7 35. Rg1 Rg8 36. Rg7+ Rxg7 37. fxg7+ Qf5 38. Qg2 Qg6 39. Qf3+ Qf5 40. Qg2 Qg6 41. Qxg6+ Kxg6 42. Rg1+ Kf7 43. Bh6 1/2-1/2

[Event "Bosnjaci op 20th"]
[Site "Bosnjaci"]
[Date "2015.01.06"]
[Round "5"]
[White "Cvitan, Ena"]
[Black "Knezevic, Igor"]
[Result "0-1"]
[WhiteElo "1883"]
[BlackElo "2149"]
[PlyCount "76"]
[EventDate "2015.01.03"]
[EventType "swiss"]
[EventRounds "9"]
[EventCountry "CRO"]
[SourceTitle "CBM 164 Extra"]
[Source "ChessBase"]
[SourceDate "2015.03.02"]
[SourceVersion "1"]
[SourceVersionDate "2015.03.02"]
[SourceQuality "1"]

1. d4 d5 2. c4 e6 3. Nc3 c5 4. cxd5 exd5 5. Nf3 Nc6 6. g3 Nf6 7. Bg2 Be7 8. 0-0 0-0 9. dxc5 d4 10. Na4 Bf5 11. a3 Be4 12. b4 Qd5 13. Ne1 Rad8 14. Bxe4 Qxe4 15. Nd3 Rfe8 16. Ra2 Nd5 17. Qc2 Bf6 18. Nf4 Nxf4 19. Bxf4 d3 20. exd3 Rxd3 21. Rd1 Rxd1+ 22. Qxd1 Nd4 23. Be3 Nf3+ 24. Kf1 Nxh2+ 25. Ke1 Nf3+ 26. Kf1 Nh2+ 27. Kg1 Nf3+ 28. Kf1 Rd8 29. Qc2 Qe6 30. c6 bxc6 31. Nc5 Qh3+ 32. Ke2 Bd4 33. Kxf3 Qh1+ 34. Ke2 Qh5+ 35. Ke1 Bc3+ 36. Kf1 Rd1+ 37. Qxd1 Qxd1+ 38. Kg2 Qd5+ 0-1

[Event "Bosnjaci op 20th"]
[Site "Bosnjaci"]
[Date "2015.01.04"]
[Round "2"]
[White "Knezevic, Igor"]
[Black "Kovacevic, Blazimir"]
[Result "0-1"]
[WhiteElo "2149"]
[BlackElo "2468"]
[PlyCount "52"]
[EventDate "2015.01.03"]
[EventType "swiss"]
[EventRounds "9"]
[EventCountry "CRO"]
[SourceTitle "CBM 164 Extra"]
[Source "ChessBase"]
[SourceDate "2015.03.02"]
[SourceVersion "1"]
[SourceVersionDate "2015.03.02"]
[SourceQuality "1"]

1. d4 e6 2. c4 f5 3. g3 Nf6 4. Bg2 g6 5. Nf3 Bg7 6. Nc3 0-0 7. 0-0 d6 8. Qc2 Nc6 9. Rd1 Qe7 10. Rb1 a5 11. a3 Nd8 12. b4 axb4 13. axb4 Nf7 14. b5 e5 15. dxe5 dxe5 16. Ng5 e4 17. Nxf7 Qxf7 18. Nd5 Be6 19. Qb3 Rfd8 20. Bg5 Nxd5 21. Bxd8 Nc3 22. Bg5 Bxc4 23. Qb4 Nxd1 24. Rxd1 Bxe2 25. Rc1 Qd7 26. Qb3+ Kh8 0-1

[Event "Bosnjaci op 19th"]
[Site "Bosnjaci"]
[Date "2014.01.07"]
[Round "7"]
[White "Knezevic, Igor"]
[Black "Sribar, Peter"]
[Result "0-1"]
[WhiteElo "2152"]
[BlackElo "2047"]
[PlyCount "100"]
[EventDate "2014.01.03"]
[EventType "swiss"]
[EventRounds "9"]
[EventCountry "CRO"]
[SourceTitle "CBM 158 Extra"]
[Source "ChessBase"]
[SourceDate "2014.02.28"]
[SourceVersion "1"]
[SourceVersionDate "2014.02.28"]
[SourceQuality "1"]

1. d4 Nf6 2. c4 c5 3. d5 g6 4. Nc3 d6 5. e4 Bg7 6. Nf3 0-0 7. Be2 e6 8. 0-0 Re8 9. Nd2 exd5 10. cxd5 a6 11. a4 Nbd7 12. Qc2 Rb8 13. h3 Nb6 14. Re1 Nfd7 15. Ra3 Na8 16. Bf1 Nc7 17. Nc4 Ne5 18. Ne3 b5 19. axb5 axb5 20. Rb3 Bd7 21. Nb1 g5 22. Ra3 b4 23. Ra7 Nb5 24. Bxb5 Bxb5 25. Nd2 Qb6 26. Ra1 Nd3 27. Rd1 Qd8 28. Ndc4 Nxc1 29. Rdxc1 Qf6 30. Ra5 Qg6 31. b3 Bc3 32. Rf1 Bd4 33. Rc1 Bxe3 34. Nxe3 Rxe4 35. Rca1 f5 36. Qd1 f4 37. Ng4 Be2 38. Qb1 Rbe8 39. f3 Bd3 40. Qb2 Rd4 41. Ra8 Kf8 42. Rxe8+ Qxe8 43. Kf2 h5 44. Re1 Qd8 45. Nh6 g4 46. Qc1 Qh4+ 47. Kg1 gxf3 48. Rf1 Bxf1 49. Kxf1 fxg2+ 50. Kg1 Qxh3 0-1

[Event "Bosnjaci op 19th"]
[Site "Bosnjaci"]
[Date "2014.01.06"]
[Round "5"]
[White "Knezevic, Igor"]
[Black "Burovic, Ismet"]
[Result "0-1"]
[WhiteElo "2152"]
[BlackElo "2372"]
[PlyCount "92"]
[EventDate "2014.01.03"]
[EventType "swiss"]
[EventRounds "9"]
[EventCountry "CRO"]
[SourceTitle "CBM 158 Extra"]
[Source "ChessBase"]
[SourceDate "2014.02.28"]
[SourceVersion "1"]
[SourceVersionDate "2014.02.28"]
[SourceQuality "1"]

1. d4 g6 2. Nf3 Bg7 3. c4 d6 4. Nc3 Nc6 5. e3 e5 6. Be2 f5 7. dxe5 dxe5 8. Qxd8+ Nxd8 9. 0-0 c6 10. Rd1 Nf7 11. Rb1 Ne7 12. Na4 b6 13. b3 Be6 14. Bb2 g5 15. Rd2 g4 16. Ne1 h5 17. f4 Ng6 18. Nd3 h4 19. fxe5 Bh6 20. Bd4 c5 21. Naxc5 bxc5 22. Nxc5 Ng5 23. Rf1 0-0 24. Rdd1 Bc8 25. Bd3 Ne7 26. Kh1 h3 27. g3 a5 28. Be2 Nc6 29. Bb2 Nd8 30. e4 Nb7 31. Ba3 Nxc5 32. Bxc5 Bb7 33. Rd6 Bg7 34. Rd7 Bxe4+ 35. Kg1 Rfe8 36. Be7 Nh7 37. Rfd1 Bxe5 38. Rd8 Raxd8 39. Rxd8 Rxd8 40. Bxd8 Bd4+ 41. Kf1 Bg2+ 42. Ke1 Bg1 43. Bxa5 Bxh2 44. Kf2 f4 45. Bc7 Bxg3+ 46. Kg1 Be4 0-1

[Event "CRO-chT2S"]
[Site "Makarska"]
[Date "2013.11.08"]
[Round "7.4"]
[White "Knezevic, Igor"]
[Black "Gracin, Damir"]
[Result "1-0"]
[WhiteElo "2164"]
[BlackElo "2120"]
[PlyCount "89"]
[EventDate "2013.04.05"]
[EventType "team-tourn"]
[EventRounds "9"]
[EventCountry "CRO"]
[SourceTitle "EXT 2014"]
[Source "ChessBase"]
[SourceDate "2013.11.20"]
[SourceVersion "1"]
[SourceVersionDate "2013.11.20"]
[SourceQuality "1"]
[WhiteTeam "Split Mornar"]
[BlackTeam "Primosten"]
[WhiteTeamCountry "CRO"]
[BlackTeamCountry "CRO"]

1. d4 Nf6 2. c4 b6 3. Nc3 Bb7 4. Qc2 d5 5. cxd5 Nxd5 6. e4 Nxc3 7. bxc3 g6 8. Nf3 Bg7 9. Bb5+ Bc6 10. a4 Qd7 11. Qe2 a6 12. Bxc6 Nxc6 13. 0-0 0-0 14. Bg5 Na5 15. Rfd1 c6 16. Rab1 b5 17. d5 Nc4 18. dxc6 Qxc6 19. axb5 axb5 20. e5 Qc5 21. Bf4 e6 22. Nd4 Rab8 23. Re1 Rfd8 24. Rbd1 h6 25. h4 Rdc8 26. Qe4 Rc7 27. Rd3 Qe7 28. h5 g5 29. Bg3 Qe8 30. f4 Rc5 31. Nb3 Rc7 32. fxg5 hxg5 33. Nd4 Rc5 34. Nf3 Rd8 35. Nxg5 Rxd3 36. Qh7+ Kf8 37. Qxd3 Rd5 38. Qh7 Nxe5 39. h6 Bf6 40. Ne4 Ng4 41. Nxf6 Nxf6 42. Qg7+ Ke7 43. Bh4 Rf5 44. h7 Qc8 45. h8Q 1-0

[Event "CRO-chT2S"]
[Site "Makarska"]
[Date "2013.04.06"]
[Round "2.5"]
[White "Knezevic, Igor"]
[Black "Brkic, Ivica"]
[Result "0-1"]
[WhiteElo "2164"]
[BlackElo "2117"]
[PlyCount "148"]
[EventDate "2013.04.05"]
[EventType "team-tourn"]
[EventRounds "9"]
[EventCountry "CRO"]
[SourceTitle "EXT 2014"]
[Source "ChessBase"]
[SourceDate "2013.11.20"]
[SourceVersion "1"]
[SourceVersionDate "2013.11.20"]
[SourceQuality "1"]
[WhiteTeam "Split Mornar"]
[BlackTeam "Kastel"]
[WhiteTeamCountry "CRO"]
[BlackTeamCountry "CRO"]

1. d4 f5 2. e4 fxe4 3. Nc3 Nf6 4. f3 exf3 5. Nxf3 g6 6. Bg5 Bg7 7. Qd2 c6 8. 0-0-0 d5 9. Bd3 Bg4 10. Rde1 Bxf3 11. gxf3 Kf7 12. h4 h6 13. Bxf6 exf6 14. h5 gxh5 15. Qg2 f5 16. Rxh5 Nd7 17. Bxf5 Nf8 18. Qg4 Qd6 19. Rg1 Rg8 20. Bd3 Ne6 21. Bh7 Rgf8 22. Rf5+ Ke7 23. Re1 Bf6 24. Qg6 Bg5+ 25. Kb1 Rxf5 26. Qxf5 Rf8 27. Qh3 Rf6 28. Bg8 Rg6 29. Bh7 Rf6 30. Bf5 Kf7 31. Bxe6+ Rxe6 32. Qf5+ Ke7 33. Qh7+ Kd8 34. Qg8+ Kd7 35. Qf7+ Qe7 36. Qf5 Kd6 37. Rd1 Rf6 38. Qg4 Kc7 39. a3 b5 40. Qg2 Qe3 41. Rf1 Qxd4 42. Ne2 Qd2 43. f4 Bh4 44. Rh1 Re6 45. Qg7+ Re7 46. Qc3 Qxe2 47. Rxh4 Qe1+ 48. Qxe1 Rxe1+ 49. Ka2 Re6 50. Kb3 a5 51. Kc3 a4 52. Kd4 Kd6 53. Kd3 c5 54. Rh5 c4+ 55. Kd2 Kc5 56. c3 Rg6 57. Ke3 Rg2 58. Rxh6 Rxb2 59. f5 Rc2 60. f6 Rxc3+ 61. Kf2 Kd6 62. f7+ Ke7 63. Rf6 Kf8 64. Rf5 Rd3 65. Ke1 c3 66. Ke2 c2 67. Rf1 Rd1 68. Rxd1 cxd1Q+ 69. Kxd1 Kxf7 70. Kd2 Ke6 71. Kc3 Kd6 72. Kd4 Kc6 73. Kd3 Kc5 74. Kc3 d4+ 0-1

[Event "Split Zupanije-ch"]
[Site "Split"]
[Date "2013.03.25"]
[Round "9"]
[White "Knezevic, Igor"]
[Black "Pejcinovic, Vitomir"]
[Result "1-0"]
[WhiteElo "2185"]
[BlackElo "1958"]
[PlyCount "95"]
[EventDate "2013.03.16"]
[EventType "swiss"]
[EventRounds "9"]
[EventCountry "CRO"]
[SourceTitle "CBM 153 Extra"]
[Source "ChessBase"]
[SourceDate "2013.04.22"]
[SourceVersion "1"]
[SourceVersionDate "2013.04.22"]
[SourceQuality "1"]

1. d4 Nf6 2. c4 e6 3. Nc3 Bb4 4. e3 c5 5. Bd3 Nc6 6. Nge2 d6 7. 0-0 Bxc3 8. bxc3 e5 9. d5 Ne7 10. Ng3 0-0 11. f4 Ng6 12. f5 Ne7 13. e4 Kh8 14. Bg5 Neg8 15. Nh5 h6 16. Bh4 g5 17. fxg6 fxg6 18. Bxf6+ Nxf6 19. Qd2 gxh5 20. Qxh6+ Nh7 21. Rxf8+ Qxf8 22. Qxh5 Bd7 23. Rf1 Qg8 24. Qh6 Rf8 25. Qxd6 Rxf1+ 26. Bxf1 Qe8 27. Qxc5 b6 28. Qc7 Nf6 29. Qxa7 Nxe4 30. Qxb6 Qf8 31. Qe3 Qc5 32. Qxc5 Nxc5 33. Kf2 Kg7 34. Ke3 Kf6 35. Be2 Kg5 36. Bd1 Kh4 37. a4 Kg5 38. a5 Bf5 39. Be2 Kf6 40. g4 Bc8 41. h4 Kg6 42. Bd3+ Nxd3 43. Kxd3 Bxg4 44. a6 Bf5+ 45. Ke3 Bc8 46. a7 Bb7 47. Ke4 Kf6 48. h5 1-0

[Event "Split Zupanije-ch"]
[Site "Split"]
[Date "2013.03.24"]
[Round "8"]
[White "Knezevic, Igor"]
[Black "Klaric, Miro"]
[Result "1/2-1/2"]
[WhiteElo "2185"]
[BlackElo "1891"]
[PlyCount "112"]
[EventDate "2013.03.16"]
[EventType "swiss"]
[EventRounds "9"]
[EventCountry "CRO"]
[SourceTitle "CBM 153 Extra"]
[Source "ChessBase"]
[SourceDate "2013.04.22"]
[SourceVersion "1"]
[SourceVersionDate "2013.04.22"]
[SourceQuality "1"]

1. d4 d5 2. c4 e6 3. Nc3 Nf6 4. cxd5 exd5 5. Bg5 Be7 6. e3 0-0 7. Qc2 Nc6 8. a3 Be6 9. Bd3 h6 10. Bh4 Nd7 11. Bxe7 Nxe7 12. Nge2 Rc8 13. Nf4 c5 14. Nxe6 fxe6 15. 0-0 cxd4 16. exd4 Nf5 17. Bxf5 Rxf5 18. Qe2 Rf6 19. Rac1 Nb6 20. b3 a6 21. a4 Rc6 22. Qe3 Qd6 23. Ne2 Nd7 24. g3 e5 25. dxe5 Qxe5 26. Qxe5 Nxe5 27. Nd4 Nf3+ 28. Nxf3 Rxf3 29. Rxc6 bxc6 30. Rc1 Rxb3 31. Rxc6 d4 32. Rxa6 d3 33. Rd6 Ra3 34. Kg2 d2 35. Rxd2 Rxa4 36. Rd7 Ra2 37. h4 Ra3 38. Kh3 Rf3 39. Kg2 Ra3 40. f4 Rb3 41. Kf2 Ra3 42. Re7 Kf8 43. Re3 Ra2+ 44. Kf3 Kf7 45. Rb3 Ra7 46. Kg4 Rc7 47. h5 Ra7 48. Rb6 Rc7 49. Rg6 Rc1 50. f5 Rf1 51. Ra6 Rf2 52. Ra4 Rf1 53. Rf4 Ra1 54. Rb4 Rf1 55. Rb7+ Kf6 56. Rb6+ Kf7 1/2-1/2

[Event "Split Zupanije-ch"]
[Site "Split"]
[Date "2013.03.21"]
[Round "6"]
[White "Knezevic, Igor"]
[Black "Saric, Branko"]
[Result "1-0"]
[WhiteElo "2185"]
[BlackElo "1893"]
[PlyCount "82"]
[EventDate "2013.03.16"]
[EventType "swiss"]
[EventRounds "9"]
[EventCountry "CRO"]
[SourceTitle "CBM 153 Extra"]
[Source "ChessBase"]
[SourceDate "2013.04.22"]
[SourceVersion "1"]
[SourceVersionDate "2013.04.22"]
[SourceQuality "1"]

1. d4 g6 2. Nf3 Bg7 3. c4 Nf6 4. Nc3 0-0 5. e4 d6 6. Be2 Na6 7. 0-0 c6 8. h3 Bd7 9. Be3 h6 10. Qd2 Kh7 11. Rfd1 Nc7 12. e5 Ng8 13. Bf4 d5 14. cxd5 cxd5 15. Bd3 a6 16. Rac1 Rc8 17. Qe3 Be8 18. g4 Ne6 19. Bg3 Rc6 20. Kh2 b5 21. Nh4 Kh8 22. f4 b4 23. Ne2 Rxc1 24. Rxc1 Qa5 25. Bb1 Qb6 26. Nf3 Bb5 27. Bd3 Rb8 28. f5 Bxd3 29. Qxd3 gxf5 30. gxf5 Nd8 31. Nf4 Qa5 32. Qb3 e6 33. f6 Bf8 34. Nh4 Qb6 35. Nhg6+ fxg6 36. Nxg6+ Kh7 37. Nxf8+ Kh8 38. Ng6+ Kh7 39. Qc2 Nxf6 40. exf6 Rb7 41. Ne7+ Kh8 1-0

[Event "Split Zupanije-ch"]
[Site "Split"]
[Date "2013.03.17"]
[Round "2"]
[White "Knezevic, Igor"]
[Black "Tomas, Ante"]
[Result "1/2-1/2"]
[WhiteElo "2185"]
[BlackElo "1867"]
[PlyCount "36"]
[EventDate "2013.03.16"]
[EventType "swiss"]
[EventRounds "9"]
[EventCountry "CRO"]
[SourceTitle "CBM 153 Extra"]
[Source "ChessBase"]
[SourceDate "2013.04.22"]
[SourceVersion "1"]
[SourceVersionDate "2013.04.22"]
[SourceQuality "1"]

1. d4 d5 2. c4 c6 3. Nc3 Nf6 4. cxd5 cxd5 5. Bf4 e6 6. e3 Nc6 7. Bd3 Bd7 8. Rc1 Qb6 9. Nf3 Bb4 10. 0-0 0-0 11. Nb5 Rfc8 12. a3 Be7 13. Qe2 a6 14. Nc3 Qd8 15. Ne5 Be8 16. Bg3 Nd7 17. f4 f5 18. Nxd7 Qxd7 1/2-1/2

[Event "CRO-chT1B"]
[Site "Sibenik"]
[Date "2007.09.26"]
[Round "2"]
[White "Knezevic, Igor"]
[Black "Milosevic, Sanjin"]
[Result "1-0"]
[WhiteElo "2219"]
[BlackElo "2138"]
[PlyCount "81"]
[EventDate "2007.09.25"]
[EventType "team"]
[EventRounds "9"]
[EventCountry "CRO"]
[SourceTitle "CBM 120 Extra"]
[Source "ChessBase"]
[SourceDate "2007.11.01"]
[SourceVersion "1"]
[SourceVersionDate "2007.11.01"]
[SourceQuality "1"]

1. d4 Nf6 2. c4 g6 3. Nf3 Bg7 4. Nc3 0-0 5. e4 d6 6. Be2 e5 7. 0-0 Nc6 8. d5 Ne7 9. Bd2 Nh5 10. g3 f5 11. Ng5 Nf6 12. f3 h6 13. Ne6 Bxe6 14. dxe6 c6 15. Be3 Qc7 16. Qb3 Qc8 17. Rad1 Qxe6 18. Qxb7 Rfb8 19. Qc7 Ne8 20. Qa5 c5 21. Qa6 Rb6 22. Qa3 Nc6 23. Nd5 Rbb8 24. Rd2 a6 25. Rb1 a5 26. Bd3 Ra7 27. Qa4 Nd4 28. Bxd4 cxd4 29. b4 Nf6 30. Rdb2 Nxd5 31. cxd5 Qc8 32. Rc2 Rc7 33. b5 Rxc2 34. Qxc2 Qd8 35. Qd2 a4 36. exf5 gxf5 37. Bxf5 Qf6 38. Qd3 h5 39. b6 Qd8 40. Be6+ Kh8 41. Qg6 1-0

[Event "Solin op"]
[Site "Solin"]
[Date "2007.01.25"]
[Round "6"]
[White "Knezevic, Igor"]
[Black "Bilobrk, Franjo"]
[Result "1/2-1/2"]
[WhiteElo "2176"]
[BlackElo "2384"]
[PlyCount "113"]
[EventDate "2007.01.20"]
[EventType "swiss"]
[EventRounds "9"]
[EventCountry "CRO"]
[SourceTitle "CBM 116 Extra"]
[Source "ChessBase"]
[SourceDate "2007.03.07"]
[SourceVersion "1"]
[SourceVersionDate "2007.03.07"]
[SourceQuality "1"]

1. d4 Nf6 2. c4 e6 3. Nc3 Bb4 4. e3 0-0 5. Bd3 d5 6. Nge2 dxc4 7. Bxc4 e5 8. 0-0 Nc6 9. a3 Bd6 10. d5 Ne7 11. Ng3 Ng6 12. Be2 Ne8 13. e4 Nf4 14. Be3 Qh4 15. Bf3 g6 16. Re1 h5 17. Nge2 Qf6 18. Nxf4 exf4 19. Bd4 Be5 20. Bxe5 Qxe5 21. Rc1 Bd7 22. Ne2 Bg4 23. Qd4 Qxd4 24. Nxd4 Bxf3 25. gxf3 Rd8 26. Red1 Rd7 27. Rc4 Nd6 28. Rc5 Re8 29. Rdc1 Ree7 30. Nb5 b6 31. Nxd6 cxd6 32. R5c4 Kg7 33. Kf1 Kf6 34. b4 Ke5 35. b5 Re8 36. Ke2 Ree7 37. Kd3 Kf6 38. Kd4 Re5 39. Rc7 Ke7 40. Rxd7+ Kxd7 41. h4 Re8 42. Rc6 f6 43. Kd3 Rg8 44. Rc1 Rg7 45. Ke2 Rg8 46. Kd3 Rg7 47. Ke2 g5 48. Rh1 g4 49. fxg4 Rxg4 50. Kf3 Ke8 51. Rc1 Kd8 52. Rh1 Kd7 53. Rh2 Kd8 54. Rh1 Ke7 55. Rc1 Kd8 56. Rh1 Ke8 57. Rc1 1/2-1/2

[Event "Solin op"]
[Site "Solin"]
[Date "2007.01.21"]
[Round "2"]
[White "Radomilja, Jure"]
[Black "Knezevic, Igor"]
[Result "0-1"]
[WhiteElo "1985"]
[BlackElo "2176"]
[PlyCount "106"]
[EventDate "2007.01.20"]
[EventType "swiss"]
[EventRounds "9"]
[EventCountry "CRO"]
[SourceTitle "CBM 116 Extra"]
[Source "ChessBase"]
[SourceDate "2007.03.07"]
[SourceVersion "1"]
[SourceVersionDate "2007.03.07"]
[SourceQuality "1"]

1. d4 d5 2. Nf3 c5 3. c3 e6 4. Bf4 Nc6 5. e3 Nf6 6. Be2 Bd6 7. Bg3 0-0 8. Nbd2 Qe7 9. Ne5 Nd7 10. Nxc6 bxc6 11. Bxd6 Qxd6 12. 0-0 cxd4 13. cxd4 c5 14. dxc5 Nxc5 15. b4 Nd7 16. Qb3 Rb8 17. Rfb1 Ne5 18. a4 Bd7 19. b5 Rfc8 20. Rc1 Rxc1+ 21. Rxc1 a6 22. Rb1 axb5 23. axb5 h6 24. f4 Ng6 25. Nf3 Qc5 26. g3 Rb6 27. Kf2 Ne7 28. Rb2 Nf5 29. Rc2 Qe7 30. Rc7 Qd8 31. Qc3 Nd6 32. Qc1 Bxb5 33. Bxb5 Rxb5 34. Nd4 Rb8 35. Ra7 Qb6 36. Ra2 Nc4 37. Rc2 f6 38. Qd1 g6 39. Qg4 Kf7 40. Re2 h5 41. Qh3 Re8 42. g4 Rh8 43. f5 gxf5 44. gxf5 e5 45. Qg2 exd4 46. Qxd5+ Kg7 47. Qxc4 dxe3+ 48. Rxe3 Re8 49. Qd3 Kh6 50. Kf3 Rxe3+ 51. Qxe3+ Qxe3+ 52. Kxe3 Kg5 53. Ke4 Kg4 0-1